[Event "Klubbmesterskapet 2020 (B)"]
[Site "Ås, Viken NOR"]
[Date "2020.01.16"]
[Round "1"]
[White "Olsen, Trygve"]
[Black "Mjønner, Øyvind"]
[Result "1-0"]
[WhiteElo "1476"]
[BlackElo "1094"]
[PlyCount "75"]
[EventDate "2020.01.16"]

1. d4 d6 2. Bf4 Nd7 3. Nf3 Ngf6 4. Nc3 e6 5. e3 d5 6. a3 Be7 7. b4 c6 8. Bd3
O-O 9. h3 Nh5 10. Bh2 Bg5 11. Nxg5 Qxg5 12. O-O e5 13. dxe5 Nxe5 14. f4 Qh6 15.
g4 Nxd3 16. g5 Qg6 17. cxd3 Bxh3 18. Rf2 h6 19. Qf3 hxg5 20. Qxh3 gxf4+ 21. Rg2
Qh7 22. exf4 Nxf4 23. Qxh7+ Kxh7 24. Bxf4 g6 25. Kf2 a6 26. Rh1+ Kg7 27. Bh6+
Kg8 28. Bxf8 Rxf8 29. Rgh2 Kg7 30. Ke3 f5 31. Kd4 Kf6 32. Rg1 Rg8 33. Na4 f4
34. Nc5 Rg7 35. Re1 g5 36. Re8 g4 37. Rf8+ Kg5 38. Ne6+ 1-0

[Event "Klubbmesterskapet 2020 (B)"]
[Site "Ås, Viken NOR"]
[Date "2020.01.30"]
[Round "2"]
[White "Berg-Olsen, Henrik Seljeset"]
[Black "Thowsen, Alf Geir"]
[Result "1-0"]
[WhiteElo "1571"]
[BlackElo "1381"]
[PlyCount "23"]
[EventDate "2020.01.16"]

1. c4 e5 2. Nc3 Nf6 3. Nf3 Nc6 4. d4 exd4 5. Nxd4 Nxd4 6. Qxd4 d6 7. g3 g6 8.
Bg5 Be7 9. Nd5 c5 10. Nxf6+ Bxf6 11. Qxf6 Qxf6 12. Bxf6 1-0

[Event "Klubbmesterskapet 2020 (B)"]
[Site "Ås, Viken NOR"]
[Date "2020.01.23"]
[Round "2"]
[White "Samset, Jon"]
[Black "Skaret, Runar"]
[Result "1-0"]
[WhiteElo "1382"]
[BlackElo "1265"]
[Annotator "Runar Skaret, Stockfish, lc0"]
[PlyCount "89"]
[EventDate "2020.01.16"]

1. e4 {kommentert av Runar, stockfish og lc0} e6 {C00 Fransk forsvar} 2. c4 c5
3. d4 cxd4 4. Qxd4 Nc6 5. Qd1 Nf6 6. Nc3 Bb4 7. Bd3 {sl-0,6} e5 {d5 hadde vært
bedre. s+0,8 l+0,4} 8. Nf3 {Nge2 anbefales, sl-0,4} d6 {stockfish ønsker Bd2
her. s+0,5} 9. O-O {s-0,4} Be6 {Bxc3 anbefales. s+1,1 l+0,5} 10. a3 {svekker
c4-bonden etter Bxc4. sl-1,2} Bxc3 11. bxc3 O-O 12. Bg5 Na5 13. Nd2 Rc8 14. Qe2
h6 15. Bh4 g5 16. Bg3 Qc7 17. Qf3 Kg7 18. h4 g4 {Rh8 hadde vært en fiffig ide
her} 19. Qe3 Nxc4 20. Nxc4 Bxc4 21. f4 Bxd3 22. Qxd3 Qxc3 23. Qxc3 Rxc3 {
Avslutter kapitlet om bonden på c4 og alle brikkene som pekte den veien. sl-1,9
} 24. Be1 {Begynner kapitlet om f-linja. fxe5 var bedre. sl-3,6} Rc6 25. fxe5
dxe5 26. Bg3 Re8 27. Rf5 Nxe4 28. Bxe5+ Kg6 29. Raf1 {stockfish liker svart
bedre og bedre. s-5,4} f6 {h5 hadde vært bedre. s-2,9 l-2,2} 30. h5+ Kf7 {Kg7
hadde vært omtrent like bra.} 31. Kh2 {Dette er kanskje for å hindre
Ng3-gaffel mot tårnene} Kg7 {Jeg synes ikke kongen stod så fint på f2 likevel.
sl-1,6} 32. Bd4 a6 33. R5f4 {s-2,8 l-1,8} Rd6 {Å ikke spille g3 her føltes som
det dårligste trekket mitt i dag. sl-1,1} 34. Rxg4+ Kf7 35. Be3 {Bb2 hadde
vært bedre av ukjente årsaker. sl-1,9} Re5 {Feil tårn. Rd5 hadde vært bedre.
Jeg så senere at jeg åpnet for et ukomfortabelt Bf4 dobbeltangrep mot tårnene
mine. sl-0,7} 36. Kg1 Nd2 {Rde6 ville gitt meg muligheten til å bytte av tårn.
sl-0,0} 37. Bxd2 Rxd2 38. Rg6 Re6 {MRxh5 hadde vært bedre, men jeg ble nervøs
av tårnene til Jon mot f6. sl+0,2} 39. Rxh6 Ra2 40. Rh7+ Kf8 {Kg8 kunne gitt
remis, men jeg spiller ikke for uavgjorter! s+12,0 l+1,7} (40... Kg8 41. Rxb7
Ree2 42. Rxf6 Rxg2+ 43. Kh1 Rh2+ 44. Kg1 Rag2+ 45. Kf1 Ra2 46. Kg1) 41. Rd1 Re8
{s+M9 l+5,5} 42. Rdd7 Re1+ 43. Kh2 Ke8 44. Rxb7 Rxa3 45. Rh8# 1-0

[Event "Klubbmesterskapet 2020 (A)"]
[Site "Ås, Viken NOR"]
[Date "2020.01.24"]
[Round "2"]
[White "Lea, Per"]
[Black "Rønbeck, Bjørn"]
[Result "0-1"]
[WhiteElo "1712"]
[BlackElo "1585"]
[Annotator "Lea, Per"]
[PlyCount "60"]
[EventDate "2020.01.16"]

1. e4 e5 2. Nf3 Nc6 3. Bb5 d6 4. d4 Bd7 5. c3 a6 6. Ba4 b5 7. Bb3 Bg4 8. h3 Bh5
9. Be3 (9. Nxe5 $1 Bxd1 (9... dxe5 10. Qxh5 g6 11. Qf3 Nf6 12. Bg5 Be7 13. a4
exd4 14. axb5 Ne5 15. Qg3 Ned7 16. Bxf6 Bxf6 17. Bd5 {og hvit står klart best})
10. Bxf7+ Ke7 11. Nxc6+ Kxf7 12. Nxd8+ Rxd8 13. Kxd1 {med 2 bønder over for
hvit}) 9... Na5 10. Nbd2 Nf6 11. g4 Bg6 12. dxe5 Nxe4 13. Bd5 (13. Bxf7+ Bxf7 (
13... Kxf7 $2 14. Nxe4 Bxe4 15. Ng5+) 14. Nxe4) 13... Nxd2 14. Bxa8 $4 ({Etter
} 14. Nxd2 {står hvit helt greit. Etter teksttrekket står svart til kliss
vinst.}) 14... Qxa8 15. Bxd2 Be4 16. O-O Bxf3 17. Qe1 Be7 18. exd6 cxd6 19. Qe3
(19. Bf4 {ville vært bedre, men langt fra tilstrekkelig}) 19... Nc4 $1 {Bytter
en av hvits forsvarsbrikker for en dårlig plassert springer} 20. Qf4 Nxd2 (
20... g5 21. Qd4 Ne5 {er enda mer knusende}) 21. Qxd2 O-O 22. Rfe1 Bh4 $1 {
Nettet snører seg sammen...} 23. Qxd6 Rd8 24. Qe5 h6 {Unngår åttenderadsmatter
som kunne oppstå.} (24... Bh1 25. Qh2 Rd2 26. Rf1 Bc6 27. b3 h6 {var en annen
mulighet, men den stillingen kommer vi nesten til ved en trekkomkastning -
forskjellen er at svarts løper står på h1 i partiet, på c6 i varianten.}) 25.
b3 Bh1 26. Qh2 Rd2 27. Rf1 Bf3 28. a4 Be2 29. f3 $4 {Desperasjon.} Qa7+ ({Hvit
håper på} 29... Bxf1 30. Qxd2 {for å lette litt på trykket, men selv det er
lett vunnet for svart.}) 30. Kh1 Bxf3+ (30... Qe3 {er forsert matt i 9 trekk,
men teksttrekket holder i massevis. Hvit ga opp den håpløse kampen.}) 0-1

[Event "Klubbmesterskapet 2020 (A)"]
[Site "Ås, Viken NOR"]
[Date "2020.01.23"]
[Round "2"]
[White "Lund, Petter"]
[Black "Kielland-Lund, Jon"]
[Result "0-1"]
[WhiteElo "1600"]
[BlackElo "1712"]
[PlyCount "74"]
[EventDate "2020.01.16"]

1. e4 c6 2. d4 d5 3. exd5 cxd5 4. Nf3 Bg4 5. Be2 Nc6 6. Nbd2 e6 7. O-O Bd6 8.
c4 dxc4 9. Nxc4 Nge7 10. Nxd6+ Qxd6 11. Be3 O-O 12. Qa4 Rfd8 13. Rad1 Nd5 14.
Rd2 Rac8 15. h3 Bf5 16. a3 a6 17. Rfd1 Rc7 18. Ne5 h6 19. Bf3 Nxe3 20. fxe3
Nxe5 21. dxe5 Qxd2 22. Rxd2 Rxd2 23. Qb4 Rdd7 24. Kh2 Bd3 25. Qb6 Bb5 26. Kg3
Bc6 27. e4 Bb5 28. b3 Bd3 29. a4 Rc1 30. b4 Rc4 31. a5 Bxe4 32. Bxe4 Rxe4 33.
b5 axb5 34. Qxb5 Red4 35. Qc5 R4d5 36. Qc8+ Kh7 37. Kf4 Rd3 0-1

[Event "Klubbmesterskapet 2020 (A)"]
[Site "Ås, Viken NOR"]
[Date "2020.01.23"]
[Round "2"]
[White "Furnes, Torstein"]
[Black "Moberg, Jan Rune"]
[Result "1-0"]
[WhiteElo "1766"]
[BlackElo "1631"]
[Annotator "Furnes, Torstein"]
[PlyCount "57"]
[EventDate "2020.01.16"]

1. d4 e6 2. c4 b6 3. e4 Bb7 4. Nc3 Nf6 5. Bd3 Bb4 6. Qe2 Nc6 7. Nf3 O-O 8. O-O
Bxc3 9. bxc3 h6 10. e5 Ne8 11. Qe4 f5 12. exf6 Nxf6 13. Qg6 Ne7 14. Qg3 Be4 15.
Rd1 Qe8 16. Qxc7 Bxd3 17. Rxd3 Qg6 18. Ne5 Qh5 19. Ba3 Rfc8 20. Qb7 Nf5 21.
Nxd7 Ng4 22. h3 Nxf2 {Dette springerofferet er førstevalget til Stockfish og
Fritz.} ({F.eks.} 22... Nf6 23. g4 Nxg4 (23... Qg5 24. Ne5) 24. hxg4 Qxg4+ 25.
Kf1 $18) 23. Kxf2 Qh4+ ({Svart burde prøvd} 23... Qf7 {for å forsøke å fange
springeren. F.eks.} 24. Rf3 Rab8 25. Qxa7 Ra8 26. Qb7 Rd8 27. Nc5 Qxb7 28. Nxb7
Rdb8) 24. Kg1 Qd8 25. Ne5 Rc7 26. Qe4 Rac8 27. Rf1 Qg5 28. Qf4 Qxf4 29. Rxf4
1-0

[Event "Klubbmesterskapet 2020 (A)"]
[Site "Ås, Viken NOR"]
[Date "2020.01.23"]
[Round "2"]
[White "Aamodt, Peder Marcus"]
[Black "Andersen, Odd"]
[Result "1-0"]
[WhiteElo "1696"]
[BlackElo "1721"]
[Annotator "Aamodt, Peder Marcus"]
[PlyCount "85"]
[EventDate "2020.01.16"]

1. e4 e5 2. Nf3 Nc6 3. Bb5 a6 4. Bxc6 dxc6 5. O-O Bd6 6. d4 Bg4 {mer vanlig er}
(6... exd4 7. Qxd4 f6) 7. dxe5 Bxf3 8. Qxf3 Bxe5 9. Qb3 b6 10. Nd2 Ne7 $6 (
10... Nf6 {var litt bedre} 11. f4 Bd4+ 12. Kh1 h5 {med uklar stilling}) 11. Nc4
Ng6 12. Nxe5 Nxe5 13. Qc3 Qd6 $146 14. f4 Nd7 15. Qxg7 $5 {dristig!} (15. Be3 {
hadde vært mer solid} f6 16. Rad1 Qe6 17. Qd3 {og her står hvit ganske godt})
15... O-O-O 16. Be3 Qe6 17. Rae1 Rdg8 18. Qd4 Nf6 $2 {overser} 19. f5 $1 Qe7 ({
ikke} 19... Qxe4 20. Qxe4 Nxe4 21. Bd4 Nd6 22. Bxh8 Rxh8) 20. Qc4 Kb7 21. Bd4
Ng4 $6 {desperados} (21... c5 {hadde vært interessant} 22. Bxf6 Qxf6 23. e5 Qc6
{truer på g2} 24. Re2) 22. Bxh8 Rxh8 23. h3 Ne5 24. Qc3 Rg8 25. f6 Qe6 26. Rf5
Re8 27. Rxe5 $6 {dette trekket vinner også, men det var ganske så unødvendig} (
27. b3 {hadde bare vært mye lettere}) 27... Qxe5 28. Qxe5 Rxe5 29. Kf2 Kc8 30.
Ke3 Kd7 31. Rf1 Rb5 32. b3 Ra5 33. a4 $2 (33. Rf5 $1 {vinner raskere} Rxa2 34.
Re5) 33... b5 $2 {og den siste tabben i partiet fanger tårnet på a5} (33... Rg5
34. g4 Ke6 35. Rf5 Rg6 36. g5 {og det er fortsatt vunnet}) 34. Rf5 $1 Kd6 35.
Kd4 {og herfra var det lett} Ke6 36. g4 c5+ 37. Rxc5 Kxf6 38. Kc3 $1 b4+ 39.
Kxb4 Rxc5 40. Kxc5 Ke5 41. b4 Kxe4 42. b5 axb5 43. a5 $1 {og bonden går inn}
1-0

[Event "Klubbmesterskapet 2020 (A)"]
[Site "Ås, Viken NOR"]
[Date "2020.01.23"]
[Round "2"]
[White "Johansen, Anders Sten"]
[Black "Larsen, Jo Ingebrigt"]
[Result "1-0"]
[WhiteElo "1810"]
[BlackElo "1572"]
[Annotator "Lea, Per"]
[PlyCount "93"]
[EventDate "2020.01.16"]

1. d4 Nf6 2. Nf3 e6 3. c4 Bb4+ 4. Nbd2 O-O 5. a3 Be7 6. e3 d6 7. Bd3 Nbd7 8.
O-O Re8 9. Qc2 Nf8 10. b3 c6 11. Bb2 Ng6 12. Rad1 Qc7 13. Rfe1 Bd7 14. e4 e5
15. Bf1 Rac8 16. Qc3 Bg4 17. h3 exd4 18. Qxd4 c5 19. Qc3 Bd7 20. g3 Bf8 21. Bg2
Bc6 22. Nh2 Re7 23. f4 Rce8 24. Qd3 Nh5 25. Qf3 Nf6 26. Bxf6 gxf6 27. Ng4 Bg7
28. Qd3 f5 29. Nf2 fxe4 30. Bxe4 Bd4 31. Kf1 Qd7 32. Ng4 $2 (32. Bxc6 $14)
32... d5 $2 (32... h5 $1) 33. cxd5 Bb5 34. Nc4 Kg7 35. Bxg6 $2 hxg6 $2 (35...
Qxd5 $1 {Truer matt på h1, derfor} 36. Be4 Rxe4 37. Rxe4 Rxe4 38. Re1 Rxe1+ 39.
Kxe1 Qg2 40. Kd1 Bc6 $19) 36. Rxe7 Rxe7 37. Qf3 f5 38. Nge5 Bxe5 39. fxe5 Rxe5
40. Qc3 Kf6 41. Re1 $2 {Med klar vinststilling,} ({men hvorfor ikke det enkle} 
41. Qxe5+ {Selv om springeren på c4 er bundet, garderer den dronninga!}) 41...
Qd6 42. Kf2 Bxc4 43. bxc4 g5 44. a4 b6 45. Qxe5+ Qxe5 46. Rxe5 Kxe5 47. h4 1-0

[Event "Klubbmesterskapet 2020 (B)"]
[Site "Ås, Viken NOR"]
[Date "2020.01.23"]
[Round "2"]
[White "Simonsen, Steinar"]
[Black "Heien, Aksel"]
[Result "1/2-1/2"]
[WhiteElo "1491"]
[BlackElo "1284"]
[Annotator "Lea, Per"]
[PlyCount "114"]
[EventDate "2020.01.16"]

1. e4 e5 2. Nf3 Nc6 3. Nc3 Nf6 4. Bb5 Bb4 5. d3 d6 6. O-O Bd7 7. Bg5 Bxc3 8.
bxc3 a6 9. Ba4 O-O 10. d4 exd4 11. cxd4 h6 12. Bxf6 Qxf6 13. d5 Nb8 14. Bb3 Bg4
15. Qd4 Nd7 16. e5 Qg6 17. Qf4 Bxf3 18. Qxf3 Nxe5 19. Qc3 Rfe8 20. Qxc7 Rab8
21. Qc3 Rbc8 22. Qg3 Qxg3 23. hxg3 Rc5 24. Rfe1 Rec8 25. f4 Nc4 26. Re7 b5 27.
Ra7 a5 28. Re1 Rxd5 29. Ree7 Rf5 30. Red7 a4 31. Bxc4 Rxc4 32. Rac7 Rxc7 33.
Rxc7 Rc5 34. Rb7 g6 35. Kf1 Rxc2 36. Rxb5 Rxa2 37. Rd5 a3 38. Rxd6 Ra1+ 39. Kf2
a2 40. Ra6 Kg7 41. g4 g5 (41... h5 {er en av mange fortsettelser som vinner})
42. f5 Rc1 {Død remis} 43. Rxa2 Rc4 44. Kg3 Rf4 45. Ra5 h5 46. gxh5 Rh4 47. Ra6
Rxh5 48. Kg4 Rh2 49. Kg3 Rh6 $4 {Tårntrekk til h1, h4, h5, h7, h8 holder remis}
50. Rxh6 Kxh6 51. Kg4 f6 52. g3 Kh7 53. Kf3 Kg7 54. Ke4 Kf7 55. Kd5 Ke7 56. g4
$4 {Hvit bukker tilbake} (56. Kc6 {er matt i 17 trekk} g4 57. Kc7 Ke8 58. Kd6
Kf7 59. Kd7 Kf8 60. Ke6 Kg7 61. Ke7 Kh7 62. Kxf6 {Hvit får ny dronning og
vinner lett}) 56... Kd7 57. Kc5 Kc7 1/2-1/2

[Event "Klubbmesterskapet 2020 (B)"]
[Site "Ås, Viken NOR"]
[Date "2020.01.23"]
[Round "2"]
[White "Stensland, Martin"]
[Black "Olsen, Trygve"]
[Result "0-1"]
[WhiteElo "1274"]
[BlackElo "1476"]
[PlyCount "56"]
[EventDate "2020.01.16"]

1. Nf3 d5 2. d4 g6 3. Bf4 Bg7 4. h3 c6 5. e3 Nf6 6. Be2 Bf5 7. c4 O-O 8. O-O a5
9. cxd5 cxd5 10. Nc3 Ne4 11. Nb5 Nd6 12. Rc1 Nc6 13. b3 Nxb5 14. Bxb5 Qb6 15.
a4 Rac8 16. Bxc6 bxc6 17. Rc5 f6 18. Re1 Rfe8 19. Nd2 e5 20. Bh2 Bf8 21. Rc1 e4
22. f3 exf3 23. Nxf3 Bb4 24. Re2 Qa6 25. Ne1 c5 26. Rf2 Rxe3 27. Nc2 Bxc2 28.
Rcxc2 Re1+ 0-1

[Event "Klubbmesterskapet 2020 (B)"]
[Site "Ås, Viken NOR"]
[Date "2020.01.23"]
[Round "2"]
[White "Bækkevold, Kevin Charlton"]
[Black "Aarsheim, Geir Arne"]
[Result "0-1"]
[WhiteElo "1364"]
[BlackElo "1534"]
[PlyCount "60"]
[EventDate "2020.01.16"]

1. e4 d5 2. exd5 Nf6 3. Nc3 Nxd5 4. Qf3 e6 5. a3 Be7 6. Nge2 Nc6 7. Nf4 Nd4 8.
Qe4 Nxf4 9. g3 Ng6 10. Nb5 Nxb5 11. Bxb5+ c6 12. Bc4 Bd7 13. d3 Bf6 14. d4 Qa5+
15. Bd2 Qf5 16. Qxf5 exf5 17. c3 O-O 18. O-O-O Be6 19. Bd3 Rad8 20. Be3 Ne7 21.
f3 Nd5 22. Bf2 f4 23. g4 Ne3 24. Rdg1 Be7 25. Be4 Bd5 26. Re1 Bxe4 27. fxe4
Rfe8 28. Bxe3 fxe3 29. h4 c5 30. d5 Bd6 0-1

[Event "Klubbmesterskapet 2020 (A)"]
[Site "Ås, Viken NOR"]
[Date "2020.02.06"]
[Round "3"]
[White "Larsen, Jo Ingebrigt"]
[Black "Lea, Per"]
[Result "1/2-1/2"]
[WhiteElo "1572"]
[BlackElo "1712"]
[PlyCount "48"]
[EventDate "2020.01.16"]

1. d4 d5 2. Bf4 Nf6 3. e3 e6 4. Nd2 c5 5. c3 Nc6 6. Bd3 Bd6 7. Bg3 c4 8. Bc2 b5
9. e4 dxe4 10. Nxe4 Nxe4 11. Bxe4 Bb7 12. Qg4 g6 13. Qf3 Rc8 14. Bxd6 Qxd6 15.
Qf6 O-O 16. f3 Qd8 17. Qxd8 Rcxd8 18. Ne2 f5 19. Bc2 e5 20. O-O-O exd4 21. Nxd4
Nxd4 22. Rxd4 Rxd4 23. cxd4 Re8 24. Kd2 Kf7 1/2-1/2

[Event "Klubbmesterskapet 2020 (A)"]
[Site "Ås, Viken NOR"]
[Date "2020.02.06"]
[Round "3"]
[White "Andersen, Odd"]
[Black "Johansen, Anders Sten"]
[Result "1-0"]
[WhiteElo "1721"]
[BlackElo "1810"]
[Annotator "Lea, Per"]
[PlyCount "123"]
[EventDate "2020.01.16"]

1. d4 d5 2. c4 c6 3. Bf4 dxc4 4. e3 b5 5. a4 Bb7 6. axb5 cxb5 7. b3 Nd7 (7...
e5 $1 8. dxe5 Bb4+ 9. Ke2 {og hvit har en begredelig stilling} (9. Nd2 c3 10.
Bxb5+ Nc6 {og hvis springeren på d2 flyttes, kommer en dronningvinnende
avdekkersjakk}) 9... Qb6) 8. bxc4 bxc4 9. Nf3 e6 10. Bxc4 Bb4+ 11. Nbd2 Ngf6
12. O-O O-O 13. h3 a5 14. Bb5 Nd5 15. Bxd7 Qxd7 16. Bh2 Rfc8 17. Kh1 Nc3 18.
Qb3 Bd5 19. Qb2 Na4 20. Qb1 Nc3 21. Qb2 Ne4 (21... Qb7 {opprettholder presset.
Etter teksttrekket inviterer svart hvit inn i partiet igjen.}) 22. Nxe4 Bxe4
23. Rfc1 Qb7 24. Ne1 Rxc1 25. Rxc1 Rc8 26. f3 Rxc1 27. Qxc1 Bc6 28. Nd3 Bf8 29.
Bg3 a4 30. Nc5 Qb5 (30... Qa8 {for å hjelpe a-bonden fram er bedre, selv om
det kan se naturlig ut å ha dronninga mer sentralt plassert.}) 31. Kg1 Bd5 32.
Qc3 Qb1+ 33. Kh2 Qb5 34. e4 Bb3 35. Be1 h6 36. Qb4 Qxb4 37. Bxb4 f6 38. Kg3
Bd6+ {Nå er nesten hele svarts fordel smuldret bort} 39. Kf2 Kf7 40. g3 g5 41.
g4 Ke7 42. Kg2 Kf7 43. Ba3 Bf4 44. Kf2 Bd2 45. Ke2 {Nå er stillingen
sannsynligvis død remis} Bc3 46. Kd3 Be1 $2 (46... Ba1 {holder remis}) 47. Nxb3
$1 axb3 48. Kc4 Bf2 49. Bb2 f5 50. gxf5 {Hvit takker for sist og serverer
svart en remisstilling. Intuitivt virker det naturlig å slå innover mot
sentrum og ende opp med 2 sammenhengende fribønder.} (50. Kxb3 Ke7 51. Kc4 fxe4
52. fxe4 Kd6 53. Ba3+ Kd7 54. Bf8 {og hvit vinner lett(?) med 2 bønder over})
50... exf5 51. e5 Ke6 $2 {Svart setter spikeren i sin egen kiste} (51... h5 52.
d5 g4 53. e6+ Ke7 54. Ba3+ Kf6 55. e7 (55. hxg4 hxg4 56. fxg4 fxg4 {og det
hjelper ikke at de hvite fribøndene er sammenhengende - svart holder remis})
55... Kf7) 52. d5+ Kd7 53. e6+ Ke8 54. d6 Bb6 55. d7+ Ke7 56. Kd5 h5 57. Ba3+
Kd8 58. Ke5 g4 59. Kf6 Bd4+ 60. Kf7 b2 61. e7+ Kxd7 62. e8=Q+ 1-0

[Event "Klubbmesterskapet 2020 (A)"]
[Site "Ås, Viken NOR"]
[Date "2020.02.06"]
[Round "3"]
[White "Moberg, Jan Rune"]
[Black "Aamodt, Peder Marcus"]
[Result "0-1"]
[WhiteElo "1631"]
[BlackElo "1699"]
[Annotator "Aamodt, Peder Marcus"]
[PlyCount "106"]
[EventDate "2020.01.16"]

1. d4 Nf6 2. c4 e6 3. Nf3 d5 4. g3 Be7 5. Bg2 O-O 6. O-O dxc4 7. a4 $5 {en idè
som har blitt spilt av Fabiano Caruana på toppnivå} Bd7 8. Ne5 Bc6 9. Nxc6 Nxc6
10. e3 Nd5 $146 (10... Na5 {er blitt spilt to ganger med spillere på over 2000
i rating med resultatene 1-0 og 0-1}) 11. Bd2 a5 12. b3 $6 {det er ingen vits
å gi fra seg bonden} cxb3 13. Qxb3 Bb4 14. Rd1 Rb8 (14... Ra6 $5 {er en annen
idè i denne stillingen}) 15. e4 $2 Nf6 $6 (15... Nxd4 {var faktisk mulig her}
16. Qd3 Bxd2 17. exd5 Bg5 $1 {hadde vært kjempebra for svart}) 16. Be3 {dette
trekket ser helt greit ut, men Stockfish liker det ikke} Ng4 17. Na3 Nxe3 18.
Qxe3 Bxa3 19. Rxa3 e5 20. d5 Nd4 21. Rc3 Qd7 22. Rc4 c6 23. h4 {det er
vanskelig å se hva annet hvit skal spille} Qg4 24. Rd3 cxd5 25. Rc5 $1 {ett
fint trekk som fortsatt holder partiet i gang} b6 26. Rxd5 Nc2 $6 (26... f6 {
hadde vært bedre}) 27. Qd2 Nb4 28. Bf3 {eneste trekket i stillingen} Qh3 29.
Bg2 Qe6 {trekkgjentagelse var også mulig} (29... Qg4 30. Bf3 Qh3 31. Bg2 Qg4
32. Bf3) 30. Rd6 Qe8 31. Rc3 (31. Ra3 {ser mer naturlig ut} Rd8 32. Rxd8 Qxd8
33. Qxd8 Rxd8 {selv om det er ett vanskelig sluttspill for hvit}) 31... Qxa4
32. Bh3 Qa2 (32... Na6 $1 {var visst kjempe trekk for svart} 33. Qe3 Nc5 34.
Bg2 Rfd8 {-3}) 33. Qc1 Qe2 34. Bf5 $4 {glemmer gaffelen på a2} (34. Bf1 {hadde
vært det beste forsøket, men det er fortsatt tapt} Qxe4) 34... Na2 35. Qe3 Nxc3
36. Qxc3 Rbd8 37. Qxe5 Rxd6 38. Qxd6 b5 39. e5 Re8 40. f4 Qe3+ 41. Kg2 Qa7 42.
Bd7 Rb8 43. e6 fxe6 44. Qxe6+ Kh8 45. Bxb5 {og selv om hvit har fått bøndene
tilbake, er a-bonden for sterk} a4 46. Bc4 a3 47. h5 a2 48. Bxa2 Rb2+ 49. Kh3
Qxa2 50. Qe8+ Qg8 51. Qe5 Rb6 52. g4 Rf6 53. g5 Qe6+ {og det blir dronningbytte
} 0-1

[Event "Klubbmesterskapet 2020 (A)"]
[Site "Ås, Viken NOR"]
[Date "2020.02.06"]
[Round "3"]
[White "Rønbeck, Bjørn"]
[Black "Lund, Petter"]
[Result "0-1"]
[WhiteElo "1585"]
[BlackElo "1600"]
[PlyCount "64"]
[EventDate "2020.01.16"]

1. e4 c5 2. Nf3 Nc6 3. c3 a6 4. d4 cxd4 5. cxd4 e6 6. Bd3 Qb6 7. Be2 Nf6 8. e5
Bb4+ 9. Nbd2 Ne4 10. O-O Nxd2 11. Bxd2 Nxd4 12. Bxb4 Nxe2+ 13. Qxe2 Qxb4 14.
Nd2 d5 15. exd6 Qxd6 16. Nc4 Qe7 17. Rac1 O-O 18. Rc3 Bd7 19. Nb6 Bb5 20. Nc4
Rad8 21. Rfc1 Rd4 22. b3 Rfd8 23. a4 Bc6 24. Ne3 Qg5 25. Rxc6 bxc6 26. Rxc6 Qe5
27. Qxa6 Rd1+ 28. Nf1 h6 29. Rc8 Kh7 30. Rc7 Qa1 31. Rxf7 Rxf1+ 32. Qxf1 Rd1
0-1

[Event "Klubbmesterskapet 2020 (B)"]
[Site "Ås, Viken NOR"]
[Date "2020.02.06"]
[Round "3"]
[White "Olsen, Trygve"]
[Black "Berg-Olsen, Henrik Seljeset"]
[Result "1-0"]
[WhiteElo "1476"]
[BlackElo "1571"]
[PlyCount "59"]
[EventDate "2020.01.16"]

1. d4 Nf6 2. Bf4 d6 3. Nd2 g6 4. h3 Nc6 5. Ngf3 Bg7 6. c3 O-O 7. e3 a6 8. Qc2
Re8 9. Bd3 e5 10. Bh2 exd4 11. cxd4 Nd5 12. O-O Ndb4 13. Qb1 Ne7 14. e4 f5 15.
Bc4+ Kh8 16. Ng5 Rf8 17. a3 d5 18. e5 dxc4 19. axb4 Qxd4 20. Ndf3 Qb6 21. Qa2
h6 22. Qxc4 hxg5 23. Nxg5 Bh6 24. Qh4 Kg7 25. e6 Bxg5 26. Qxg5 Qxe6 27. Rae1
Qc4 28. Rxe7+ Rf7 29. Be5+ Kh7 30. Re8 1-0

[Event "Klubbmesterskapet 2020 (B)"]
[Site "Ås, Viken NOR"]
[Date "2020.02.06"]
[Round "3"]
[White "Aarsheim, Geir-Arne"]
[Black "Samset, Jon"]
[Result "1-0"]
[WhiteElo "1534"]
[BlackElo "1382"]
[PlyCount "73"]
[EventDate "2020.01.16"]

1. e4 g6 2. d4 Bg7 3. Nf3 a6 4. c4 d6 5. h3 Nf6 6. Nc3 O-O 7. Be3 Nc6 8. Qd2
Bd7 9. Bh6 e5 10. d5 Nd4 11. Bxg7 Nxf3+ 12. gxf3 Kxg7 13. Bd3 Nh5 14. Ne2 Qh4
15. O-O-O Qxf2 16. Rdf1 Qc5 17. Kb1 b5 18. cxb5 axb5 19. Rc1 Qa7 20. a3 Rfb8
21. Qb4 Rb7 22. Rc2 Qe3 23. Nc1 Qxf3 24. Rf1 Qxh3 25. Rcf2 Nf4 26. Rf3 Qh4 27.
Qd2 c5 28. dxc6 Bxc6 29. Ne2 Nxd3 30. Ng3 Nc5 31. Qxd6 Bxe4+ 32. Nxe4 Qxe4+ 33.
Ka1 Ne6 34. Qd2 Nd4 35. Rh3 h5 36. Rxh5 Rc8 37. Qh6+ 1-0

[Event "Klubbmesterskapet 2020 (B)"]
[Site "Ås, Viken NOR"]
[Date "2020.02.06"]
[Round "3"]
[White "Heien, Aksel"]
[Black "Bakkerud, Balder Jonsson"]
[Result "1-0"]
[WhiteElo "1284"]
[BlackElo "1227"]
[PlyCount "135"]
[EventDate "2020.01.16"]

1. e4 c5 2. d4 cxd4 3. Qxd4 Nc6 4. Qd3 d6 5. Nc3 Nf6 6. Nf3 e5 7. Bg5 h6 8.
Bxf6 Qxf6 9. Nd5 Qd8 10. O-O-O Be6 11. Be2 Rc8 12. Kb1 Qa5 13. a3 Ne7 14. Qb5+
Qxb5 15. Bxb5+ Bd7 16. Bxd7+ Kxd7 17. Nxe5+ dxe5 18. Nb6+ Kc7 19. Nxc8 Kxc8 20.
Rd2 Nc6 21. Rhd1 Be7 22. g3 Rd8 23. Rxd8+ Bxd8 24. Rd5 Bb6 25. f4 f6 26. fxe5
Nxe5 27. Rd2 Kc7 28. b3 Kc6 29. Kb2 Be3 30. Rd8 Bg1 31. h3 Bh2 32. g4 Nd7 33.
Rg8 Nc5 34. Rxg7 Nxe4 35. Rf7 Be5+ 36. Kc1 Ng5 37. Rg7 Nxh3 38. Rg6 Nf2 39. Kd2
Ne4+ 40. Ke3 Nd6 41. Rxh6 Kd5 42. Rh7 Bd4+ 43. Kf4 Bb2 44. a4 Be5+ 45. Kf3 Kd4
46. Rc7 a5 47. c3+ Kd3 48. c4 Kc3 49. c5 Nb5 50. Rxb7 Nd4+ 51. Ke4 Nxb3 52. Kd5
Nd2 53. c6 Kc2 54. c7 Bxc7 55. Rxc7+ Kb3 56. Rf7 Kxa4 57. Rxf6 Kb4 58. g5 a4
59. g6 a3 60. Ra6 Nc4 61. g7 Ne3+ 62. Ke4 a2 63. Rxa2 Ng4 64. Kf5 Nh6+ 65. Kg6
Ng8 66. Kh7 Nf6+ 67. Kh8 Kb3 68. Rg2 1-0

[Event "Klubbmesterskapet 2020 (B)"]
[Site "Ås, Viken NOR"]
[Date "2020.02.06"]
[Round "3"]
[White "Petersen, Rune J"]
[Black "Yazdankhah, Siamak"]
[Result "1/2-1/2"]
[WhiteElo "1191"]
[BlackElo "1265"]
[PlyCount "53"]
[EventDate "2020.01.16"]

1. d4 d5 2. Nf3 Bg4 3. e3 a6 4. c4 dxc4 5. Bxc4 b5 6. Be2 e6 7. O-O Bd6 8. Nbd2
Nf6 9. Ne5 Bxe2 10. Qxe2 O-O 11. e4 c5 12. Nb3 c4 13. Nc5 Qc7 14. b4 cxb3 15.
axb3 Bxc5 16. dxc5 Qxc5 17. b4 Qb6 18. Bb2 Nc6 19. Nxc6 Qxc6 20. Bxf6 gxf6 21.
Qg4+ Kh8 22. Qh4 Qc3 23. Rac1 Qxb4 24. Qxf6+ Kg8 25. Qg5+ Kh8 26. Qf6+ Kg8 27.
Qg5+ 1/2-1/2